Statystyki dla Województwa w Polsce

Kliknij tutaj aby rozwiązać quiz!

Ogólne statystyki

  • Ten quiz został rozwiązany 525 razy
  • Średni wynik to 14 z 16

Statystyki odpowiedzi

Odpowiedź% Poprawnych
Pomorskie
97%
Mazowieckie
97%
Śląskie
95%
Małopolskie
94%
Wielkopolskie
93%
Zachodnio-Pomorskie
93%
Dolnośląskie
92%
Lubelskie
92%
Lubuskie
92%
Opolskie
88%
Warmińsko-Mazurskie
88%
Podlaskie
86%
Kujawsko-Pomorskie
85%
Łódzkie
85%
Podkarpackie
82%
Świętokrzyskie
80%

Rozkład punktacji

Percentyl według liczby udzielonych odpowiedzi

Procent ludzi z każdym wynikiem

Twoja historia wyników

Nie rozwiązałeś tego quizu